000 01609nam a22003137a 4500
003 OSt
005 20260413162855.0
008 260413t2015 xxu||||| |||| 00| 0 spa d
020 _a9789589535356
020 _a9789588510569
040 _aUnicoc
_bspa
_c00001
_d00001
082 _a342.066
100 _912924
_aFernández Arbeláez, Iván Mauricio
245 _aManual de derecho procesal administrativo y contencioso administrativo
_bTomo I Volumen I
_c/ Iván Mauricio Fernández Arbeláez
250 _a2 Ed.
260 _aArmenia :
_bUniversidad la Gran Colombia ,
_c2015
300 _a640 páginas
500 _aIncluye bibliografía
505 _tCapitulo: La personalidad jurídica el estado. --
_tCapítulo II: Principios del comportamiento de la administración pública. --
_tCapítulo III: Los instrumentos jurídicos mediante los cuales exterioriza su comportamiento la administración pública. --
_tCapítulo IV: El proceso administrativo. --
_tCapítulo V: La fuerza ejecutoria del acto administrativo. --
_tCapítulo VI: Los vicios invalidantes del acto administrativo.
526 _5Unicoc
546 _aEspañol
650 0 _9553
_aDerecho procesal.
_vManuales
_zColombia
650 0 _95512
_aTeoría del derecho
650 0 _9555
_aDerecho administrativo
_vManuales
_zColombia
650 0 _912925
_aDerecho contencioso
658 0 _98008
_aPrograma de Derecho
856 _yAcceso online exclusivo para comunidad Unicoc.
_uhttps://unicoceduco-my.sharepoint.com/:b:/g/personal/direccionbiblioteca_unicoc_edu_co/IQDhcPr5qILLRY_HZxQ3gVLfAQF7l-ikoHzpMyBT-8JM-wQ
942 _2ddc
_cEBOOK
999 _c10839
_d10839